Central Library OPAC University of Rajshahi

Genetic disease control : (Record no. 1426)

MARC details
000 -LEADER
fixed length control field 01140pam a2200349 i 4500
001 - CONTROL NUMBER
control field 1426
003 - CONTROL NUMBER IDENTIFIER
rucl marc code BD-RjUL
005 - DATE AND TIME OF LATEST TRANSACTION
control field 20211208233333.0
008 - FIXED-LENGTH DATA ELEMENTS--GENERAL INFORMATION
fixed length control field 131125s1981 cau b 001 0 eng b
020 ## - INTERNATIONAL STANDARD BOOK NUMBER
International Standard Book Number 0803910541
International Standard Book Number 080391055X (pbk.)
035 ## - SYSTEM CONTROL NUMBER
System control number (BD-RjUL) 1448
040 ## - CATALOGING SOURCE
Original cataloging agency DLC
Transcribing agency DLC
Modifying agency DLC
-- BD-RjUL
Language of cataloging eng
041 ## - LANGUAGE CODE
Language code of text/sound track or separate title eng
060 ## - NATIONAL LIBRARY OF MEDICINE CALL NUMBER
Classification number QZ 50 M414g
082 00 - DEWEY DECIMAL CLASSIFICATION NUMBER
Classification number 362.196042
Edition number 19
Author mark and year MAG 1981
100 1# - MAIN ENTRY--PERSONAL NAME
Personal name Massarik, Fred.
9 (RLIN) 4216
245 10 - TITLE STATEMENT
Title Genetic disease control :
Remainder of title a social psychological approach /
Statement of responsibility, etc. Fred Massarik, Michael M. Kaback.
260 ## - PUBLICATION, DISTRIBUTION, ETC. (IMPRINT)
Place of publication, distribution, etc. Beverly Hills :
Name of publisher, distributor, etc. Sage Publications,
Date of publication, distribution, etc. c1981.
300 ## - PHYSICAL DESCRIPTION
Pagination 168 p. ;
Size 22 cm.
490 0# - SERIES STATEMENT
Series statement Sage library of social research ;
Volume/sequential designation v. 116
500 ## - GENERAL NOTE
General note Includes index.
504 ## - BIBLIOGRAPHY, ETC. NOTE
Bibliography, etc Bibliography: p. 159-161.
650 #0 - SUBJECT ADDED ENTRY--TOPICAL TERM
Topical term or geographic name as entry element Genetic counseling
General subdivision Social aspects.
9 (RLIN) 4217
Topical term or geographic name as entry element Genetic counseling
General subdivision Psychological aspects
9 (RLIN) 4218
Topical term or geographic name as entry element Hereditary diseases
General subdivision Prevention and control.
9 (RLIN) 4219
Topical term or geographic name as entry element Genetics, Medical.
9 (RLIN) 4220
700 1# - ADDED ENTRY--PERSONAL NAME
Personal name Kaback, Michael M.,
Relator term joint author.
942 ## - ADDED ENTRY ELEMENTS (KOHA)
Source of classification or shelving scheme Dewey Decimal Classification
Koha item type Books
Holdings
Lost status Source of classification or shelving scheme Damaged status Not for loan Collection code Permanent Location Current Location Shelving location Date acquired Source of acquisition Cost, normal purchase price Total Checkouts Full call number Date last seen Copy number Koha item type
  Dewey Decimal Classification     Non-fiction Central Library, University of Rajshahi Central Library, University of Rajshahi   31/05/1990 Asia Foundation 0.00   362.196042 MAG 1981 25/11/2013 C-2 Books